000 00518nam a2200169 i 4500
001 79951
003 ES-MaACL
005 20230906174106.0
007 t|
008 041025s1969 sp ||||1| spa d
100 1 _aHill, Lee H.
_963705
245 1 3 _aEl beneficio como política de empresa /
_cpor Lee H. Hill ; [traducción por F. Ruiz Gabás].
260 _aBarcelona :
_bHispano Europea,
_c1969.
300 _a206 p. ;
_c21 cm.
700 0 _aRuiz Gabás, Fernando.
_9100807
852 _aES-MaACL
_jC-50415
_bR.71751
999 _c79951
_d79951